The autobiography of......London (Record no. 363086)

000 -LEADER
fixed length control field 00345cam a22001337a 4500
008 - FIXED-LENGTH DATA ELEMENTS--GENERAL INFORMATION
fixed length control field 180718b1929 xxu||||| |||| 00| 0 eng d
082 ## - DEWEY DECIMAL CLASSIFICATION NUMBER
Classification number A99 C777
100 ## - MAIN ENTRY--PERSONAL NAME
Personal name Coolidge, C.
245 ## - TITLE STATEMENT
Title The autobiography of......London
260 ## - PUBLICATION, DISTRIBUTION, ETC.
Place of publication, distribution, etc. London
Name of publisher, distributor, etc. Chatto & Windus
Date of publication, distribution, etc. 1929
300 ## - PHYSICAL DESCRIPTION
Extent 247p.
500 ## - GENERAL NOTE
General note 10/6
650 ## - SUBJECT ADDED ENTRY--TOPICAL TERM
Topical term or geographic name entry element Collidge, Calvin, 1872-1933
Holdings
Withdrawn status Lost status Damaged status Not for loan Permanent Location Current Location Date acquired Full call number Barcode Date last seen Price effective from Koha item type
        Indian Institute of Public Administration Indian Institute of Public Administration 1994-03-29 A99 C777 7407 2018-07-21 2018-07-21 Book

Powered by Koha